States by Year and Order of Statehood - Statistics

General Stats
  • This quiz has been taken 25 times
  • The average score is 19 of 50
Answer Stats
Hint Answer % Correct
1 1787 Delaware
100%
49 1959 Alaska
67%
50 1959 Hawaii
67%
5 1788 Connecticut
61%
4 1788 Georgia
61%
6 1788 Massachusetts
61%
3 1787 New Jersey
61%
2 1787 Pennsylvania
61%
7 1788 Maryland
56%
9 1788 New Hampshire
56%
11 1788 New York
56%
12 1789 North Carolina
56%
15 1792 Kentucky
50%
23 1820 Maine
50%
17 1803 Ohio
50%
8 1788 South Carolina
50%
10 1788 Virginia
50%
13 1790 Rhode Island
44%
16 1796 Tennessee
44%
14 1791 Vermont
44%
48 1912 Arizona
39%
19 1816 Indiana
39%
24 1821 Missouri
39%
35 1863 West Virginia
39%
38 1876 Colorado
33%
21 1818 Illinois
33%
18 1812 Louisiana
33%
47 1912 New Mexico
33%
22 1819 Alabama
28%
31 1850 California
28%
27 1845 Florida
28%
29 1846 Iowa
28%
20 1817 Mississippi
28%
33 1859 Oregon
28%
30 1848 Wisconsin
28%
25 1836 Arkansas
22%
43 1890 Idaho
22%
34 1861 Kansas
22%
26 1837 Michigan
22%
32 1858 Minnesota
22%
41 1889 Montana
22%
37 1867 Nebraska
22%
36 1864 Nevada
22%
39 1889 North Dakota
22%
46 1907 Oklahoma
22%
28 1845 Texas
22%
45 1896 Utah
22%
40 1889 South Dakota
17%
42 1889 Washington
17%
44 1890 Wyoming
17%
No matching quizzes found
Score Distribution
Percent of People with Each Score
Percentile by Number Answered
Your Score History
You have not taken this quiz